000 00988nmm a2200313 a 4500
001 ocm0001062015
003 TR-IsHL
005 20201028150918.0
008 150531s2015 tu tur
007 cr cn
020 _a9786054749393
035 _a1062015
_b(N$T)
050 0 4 _aHG4026
_b.B47 2015
090 0 4 _aHG4026
_b.B47 2015
100 1 _aBerk, Niyazi
245 1 0 _aFinansal yönetim
_h[electronic resource] /
_cNiyazi Berk
250 _a11. bs.
260 _aİstanbul :
_bTürkmen Kitabevi,
_c2015
300 _a697 p.
500 _aKaynakça ve dizin vardır.
_x
650 4 _aİşletme ve Yönetim
650 4 _aBusiness and Management
650 0 _aTicari teşebbüsler
_xFinans
650 0 _aŞirketler
_xFinans
650 0 _aBusiness enterprises
_xFinance
650 0 _aCorporations
_xFinance
650 7 _aBUSINESS & ECONOMICS / Finance
_2bisacsh
856 4 0 _uhttp://search.ebscohost.com/login.aspx?direct=true&scope=site&db=e011xww&AN=1062015
999 _c10729
_d10729